[Event "Arber Seniors op 6th"]
[Site "Bayerisch Eisenstein"]
[Date "2018.08.03"]
[Round "7"]
[White "Busch, Joerg"]
[Black "Glatz, Volker"]
[Result "1-0"]
[WhiteElo "1862"]
[BlackElo "1540"]
[PlyCount "45"]
[EventDate "2018.07.28"]
[EventType "swiss"]
[EventRounds "9"]
[EventCountry "GER"]
[SourceTitle "CBM 185 Extra"]
[Source "ChessBase"]
[SourceDate "2018.07.29"]
[SourceVersion "1"]
[SourceVersionDate "2018.07.29"]
[SourceQuality "1"]

1. e4 c5 2. Nf3 d6 3. Bb5+ Bd7 4. Bxd7+ Nxd7 5. 0-0 e5 6. d3 h6 7. Nc3 Ngf6 8. Qe2 Be7 9. Ne1 0-0 10. f4 exf4 11. Bxf4 Ne5 12. b3 Qd7 13. Nf3 Ng6 14. Bd2 Qg4 15. h3 Qd7 16. Qf2 Nh5 17. Nd5 Bf6 18. Rad1 Be5 19. Nxe5 Nxe5 20. Qh4 Nf6 21. Nxf6+ gxf6 22. Bxh6 Rfe8 23. Qxf6 1-0

[Event "Arber op Seniors 4th"]
[Site "Bodenmais"]
[Date "2016.08.04"]
[Round "6"]
[White "Schmidbauer, Franz"]
[Black "Glatz, Volker"]
[Result "1-0"]
[WhiteElo "1806"]
[BlackElo "1567"]
[PlyCount "103"]
[EventDate "2016.07.30"]
[EventType "swiss"]
[EventRounds "9"]
[EventCountry "GER"]
[SourceTitle "EXT 2017"]
[Source "ChessBase"]
[SourceDate "2016.10.25"]
[SourceVersion "1"]
[SourceVersionDate "2016.10.25"]
[SourceQuality "1"]

1. e4 d5 2. exd5 Qxd5 3. Nc3 Qd8 4. Nf3 Nf6 5. d4 Bg4 6. Be2 Nc6 7. Be3 e6 8. a3 Nd5 9. 0-0 a6 10. Qd2 Bd6 11. Ne4 Bxf3 12. Nxd6+ Qxd6 13. Bxf3 Nxe3 14. fxe3 0-0 15. c3 Rad8 16. Qf2 b6 17. Be2 a5 18. Qh4 Ne7 19. Rf3 Nf5 20. Qh3 Kh8 21. Bd3 g6 22. Raf1 Nh6 23. Qxh6 f5 24. e4 Rd7 25. exf5 exf5 26. g4 Rg7 27. g5 Qd7 28. Qh4 Rgf7 29. Qf4 b5 30. Qe5+ Rg7 31. Bxb5 c6 32. Bd3 Re8 33. Qf4 Rge7 34. h4 Qb7 35. b4 axb4 36. axb4 Qa7 37. h5 gxh5 38. Qxf5 Rg7 39. Rh3 Qc7 40. Rff3 Qe7 41. Rxh5 Qe1+ 42. Kg2 Re2+ 43. Bxe2 Qxe2+ 44. Kg3 Qe1+ 45. Kg4 Qg1+ 46. Rg3 Qd1+ 47. Qf3 Qb3 48. Rh6 Rf7 49. Rf6 Rg7 50. Rg2 Rxg5+ 51. Kxg5 Qg8+ 52. Kh4 1-0

[Event "Arber op Seniors 4th"]
[Site "Bodenmais"]
[Date "2016.08.02"]
[Round "4"]
[White "Trinkl, Andreas"]
[Black "Glatz, Volker"]
[Result "1-0"]
[WhiteElo "1773"]
[BlackElo "1567"]
[PlyCount "43"]
[EventDate "2016.07.30"]
[EventType "swiss"]
[EventRounds "9"]
[EventCountry "GER"]
[SourceTitle "EXT 2017"]
[Source "ChessBase"]
[SourceDate "2016.10.25"]
[SourceVersion "1"]
[SourceVersionDate "2016.10.25"]
[SourceQuality "1"]

1. e4 e5 2. f4 exf4 3. Nf3 d5 4. exd5 Qxd5 5. d4 Bd6 6. Be2 Ne7 7. 0-0 0-0 8. c4 Qc6 9. c5 Bxc5 10. dxc5 Qxc5+ 11. Kh1 Ng6 12. b3 Qc6 13. Bb2 Bf5 14. Na3 a6 15. Rc1 Qd6 16. Qd4 Qxd4 17. Nxd4 Bd7 18. Rxc7 b5 19. Bf3 Bc6 20. Nxc6 Nxc6 21. Bxc6 Rad8 22. Nb1 1-0

[Event "Arber op Seniors 2nd"]
[Site "Bayerisch Eisenstein"]
[Date "2014.08.22"]
[Round "7"]
[White "Hedzic, Omer"]
[Black "Glatz, Volker"]
[Result "1-0"]
[WhiteElo "1622"]
[BlackElo "1196"]
[PlyCount "115"]
[EventDate "2014.08.16"]
[EventType "swiss"]
[EventRounds "9"]
[EventCountry "GER"]
[SourceTitle "EXT 2016"]
[Source "ChessBase"]
[SourceDate "2015.10.08"]
[SourceVersion "1"]
[SourceVersionDate "2015.10.08"]
[SourceQuality "1"]

1. e4 e6 2. Nf3 c6 3. a3 d5 4. e5 Nd7 5. d4 h6 6. Be3 Qb6 7. b4 a6 8. Bd3 a5 9. c3 axb4 10. a4 bxc3 11. Nxc3 Bb4 12. Bd2 Qa5 13. Qc2 b5 14. 0-0 Ne7 15. Qb3 Bxc3 16. Bxc3 Qa6 17. axb5 Qb7 18. Rab1 c5 19. Qc2 Nf8 20. dxc5 Nfg6 21. Bd4 0-0 22. c6 Qc7 23. Rfc1 Nxc6 24. bxc6 Ba6 25. Bxg6 fxg6 26. Qxg6 Bc8 27. h3 Ra6 28. Qc2 Rf7 29. Nh2 Rf4 30. Nf3 Rf8 31. Be3 Rf7 32. Qc3 Rf8 33. Rb2 Ra4 34. Rbc2 Ba6 35. Bc5 Rc4 36. Qa3 Ra8 37. Rxc4 dxc4 38. Bd6 Qxc6 39. Nd4 Qe8 40. Qb4 Qg6 41. Nc6 Qg5 42. Rc3 Qd2 43. Ne7+ Kh7 44. Qb1+ Kh8 45. Rf3 c3 46. Ng6+ Kg8 47. Qb3 c2 48. Qxe6+ Kh7 49. Ba3 c1Q+ 50. Bxc1 Qxc1+ 51. Kh2 Bb7 52. Rf7 Qc5 53. Qf6 Rg8 54. Rxb7 Qd5 55. Re7 Qe4 56. Nf8+ Kh8 57. Qf7 h5 58. Qxh5+ 1-0

[Event "Arber op Seniors 2nd"]
[Site "Bayerisch Eisenstein"]
[Date "2014.08.19"]
[Round "4"]
[White "Glatz, Volker"]
[Black "Gaug, Herbert"]
[Result "0-1"]
[WhiteElo "1196"]
[BlackElo "1856"]
[PlyCount "60"]
[EventDate "2014.08.16"]
[EventType "swiss"]
[EventRounds "9"]
[EventCountry "GER"]
[SourceTitle "EXT 2016"]
[Source "ChessBase"]
[SourceDate "2015.10.08"]
[SourceVersion "1"]
[SourceVersionDate "2015.10.08"]
[SourceQuality "1"]

1. e4 c6 2. d4 d5 3. Nc3 dxe4 4. Nxe4 Bf5 5. Ng3 Bg6 6. Nf3 e6 7. Bd3 Bxd3 8. Qxd3 Nf6 9. Bg5 Be7 10. Bxf6 Bxf6 11. 0-0 Nd7 12. a4 0-0 13. Rfe1 Qc7 14. Nh5 Rad8 15. Nxf6+ Nxf6 16. Ra3 Rd7 17. Ne5 Rd5 18. c4 Rd6 19. Nf3 c5 20. Qd2 cxd4 21. Nxd4 Qxc4 22. Rd3 Rfd8 23. b3 Qc5 24. b4 Qd5 25. Rd1 e5 26. Nf5 Qxd3 27. Qxd3 Rxd3 28. Rxd3 Rxd3 29. h3 Rd1+ 30. Kh2 Nd5 0-1